header

Principles and methods for assessing autoimmunity associated with exposure to chemicals (Record no. 230685)

MARC details
000 -LEADER
fixed length control field 02343nam a2200433 a 4500
245 00 - TITLE STATEMENT
Title Principles and methods for assessing autoimmunity associated with exposure to chemicals
260 ## - PUBLICATION, DISTRIBUTION, ETC. (IMPRINT)
Place of publication Geneva :
Name of publisher World Health Organization,
Year of publication 2006.
300 ## - PHYSICAL DESCRIPTION
Number of Pages xxvi, 333 p. :
Other physical details ill.
490 1# - SERIES STATEMENT
Series statement Environmental health criteria,
500 ## - GENERAL NOTE
General note "Published under the joint sponsorship of the United Nations Environment Programme, the International Labour Organization and the World Health Organization, and produced within the framework of the Inter-Organization Programme for the Sound Management of Chemicals."
650 #0 - SUBJECT ADDED ENTRY--TOPICAL TERM
Topical Term Autoimmunity.
Topical Term Autoimmune diseases
Topical Term Organic compounds.
Topical Term Inorganic compounds.
856 40 - ELECTRONIC LOCATION AND ACCESS
Uniform Resource Identifier http://site.ebrary.com/lib/rucke/Doc?id=10214517

No items available.

© 2026 Rongo University
Contact us: librarian | system librarian | Rongo university